Obce okresu Chomutov - Statistics

General Stats
  • This quiz has been taken 19 times
  • The average score is 11 of 44
Answer Stats
Počet obyvatel Odpověď % Correct
47 023 Chomutov
100%
19 323 Jirkov
100%
18 165 Kadaň
100%
14 175 Klášterec nad Ohří
94%
347 Hora Svatého Šebestiána
63%
2 776 Vejprty
56%
145 Měděnec
44%
1 439 Březno
38%
198 Loučná pod Klínovcem
38%
714 Otvice
38%
1 160 Perštejn
38%
1 322 Údlice
38%
1 174 Vysoká Pec
38%
261 Kalek
31%
972 Kovářská
31%
1 558 Spořice
31%
833 Droužkovice
25%
986 Málkov
25%
665 Černovice
19%
286 Výsluní
19%
615 Blatno
13%
345 Boleboř
13%
536 Hrušovany
13%
427 Křimov
13%
424 Místo
13%
1 138 Strupčice
13%
622 Vilémov
13%
160 Kryštofovy Hamry
6%
279 Nezabylice
6%
435 Okounov
6%
1 174 Radonice
6%
448 Rokle
6%
346 Vrskmaň
6%
156 Všehrdy
6%
254 Bílence
0%
632 Chbany
0%
194 Domašín
0%
242 Libědice
0%
574 Mašťov
0%
198 Pesvice
0%
237 Pětipsy
0%
489 Račetice
0%
321 Veliká Ves
0%
179 Všestudy
0%
No matching quizzes found
Score Distribution
Percent of People with Each Score
Percentile by Number Answered
Your Score History
You have not taken this quiz